000 00636nam a2200229Ia 4500
003 OSt
005 20220918200500.0
006 a|||||r|||| 00| 0
007 ta
008 220917b |||||||| |||| 00| 0 eng d
024 _a88,992
037 _cTextual
040 _aARTS
_cARTS
_beng
041 _2eng
_aeng
082 _aU25a, L1.1 (BB),L1.2 (BB)
100 _aSears Mary
_994265
245 0 _aOceanographic index
_b author cumulation, 1946-1970
260 _aBoston
_bG K Hall
_c1971
650 _aGEOGRAPHY
942 _hU25a, L1.1 (BB),L1.2 (BB)
_cTEXL
_2CC
999 _c212662
_d212662